000 00804nam a2200253 a 4500
001 adlib96000001
003 ViArRB
005 200902210153555.7
008 960221s1955 dcuabcdjdbkoqu001 0deng d
020 _a9780521705189
022 _a
040 _aAdlib
082 _a517.962
245 _aFinite elements: theory, fast solvers and applications in elasticity theory
250 _a
260 _aCambridge
_bCambridge University
_c2007
300 _axviii, 365p.
_c
500 _a
100 _aBraess, Dietrich
_e
700 _a
_a
942 _cBK
653 _aFinite element analysis in manufacturing engineering
_aFinite element method
_aElasticity- Mathematical models
952 _w2010-06-16
_p00057403
_r2010-06-16
_40
_00
_bUL
_10
_o517.962 BRA
_d2010-06-16
_70
_yBK
_aUL
999 _c55537
_d55536